Código del trabajo (concordado y anotado). Leyes anexas y convenciones internacionales ratificadas por Chile.

Guardat en:
Dades bibliogràfiques
Autor principal: Gaete Berríos, Alfredo (autor)
Altres autors: Walker Linares, Francisco (prólogo)
Format: Llibre
Publicat: Santiago, Chile: Ediciones Ercilla, 1949.
Edició:8ª edición corregida y aumentada.
Matèries:
Etiquetes: Afegir etiqueta
Sense etiquetes, Sigues el primer a etiquetar aquest registre!

MARC

LEADER 00000nam a2200000 a 4500
001 UCS2722
003 CL-VaPUC
005 20240925152515.0
008 240906t1949 ||||| |||| 00| 0 eng d
999 |c 444653  |d 444651 
040 |c Pontificia Universidad Católica de Valparaíso 
082 0 4 |a 344.8301 GAE 1949  |2 21 
100 |a Gaete Berríos, Alfredo  |e autor  |9 480656 
245 1 0 |a Código del trabajo (concordado y anotado).   |b Leyes anexas y convenciones internacionales ratificadas por Chile. 
250 |a 8ª edición corregida y aumentada. 
260 0 3 |a Santiago, Chile:  |b Ediciones Ercilla,  |c 1949. 
300 |a 779 páginas. 
500 |a c.1 Donación. Memo DER N° 36. 04-09-2024 
583 |a last modification  |c 19970604 00:00:00  |k Catalogador Asistente 
650 0 |a Código del trabajo  |9 255479  |z Chile 
650 0 |a Convenios laborales internacionales  |2 CL-VaPUC  |9 388473 
700 |a Walker Linares, Francisco  |9 368354  |e prólogo 
942 |c BK  |2 ddc 
952 |0 0  |1 0  |2 ddc  |4 0  |6 344_830100000000000_GAE_1949  |7 0  |8 A  |9 596658  |a BIBDER  |b BIBDER  |d 2024-09-06  |e Donación  |i 5662655  |o 344.8301 GAE 1949  |p 5662655  |r 2024-09-06  |t 1  |w 2024-09-06  |y BK  |k DER